[Event "Pan American-ch U12"]
[Site "Guayaquil"]
[Date "2019.07.24"]
[Round "5"]
[White "Jimenez Calles, Javier Ignacio"]
[Black "Sarda, Pedro Sada"]
[Result "0-1"]
[WhiteElo "1227"]
[BlackElo "1653"]
[PlyCount "98"]
[EventDate "2019.07.21"]
[EventType "swiss"]
[EventRounds "9"]
[EventCountry "ECU"]
[SourceTitle "EXT 2020"]
[Source "ChessBase"]
[SourceDate "2019.10.17"]
[SourceVersion "1"]
[SourceVersionDate "2019.10.17"]
[SourceQuality "1"]

1. c4 e5 2. Nc3 Nc6 3. g3 g6 4. Bg2 Bg7 5. e3 Nge7 6. Nge2 0-0 7. 0-0 d6 8. d4 Nf5 9. d5 Nce7 10. b3 Nh6 11. Bb2 Bd7 12. Qd2 Qc8 13. f4 Bh3 14. Ne4 Bxg2 15. Kxg2 Nef5 16. Nf2 Qd7 17. Rab1 Rae8 18. e4 Ne7 19. Rfe1 f5 20. exf5 Nexf5 21. fxe5 Bxe5 22. Bxe5 Rxe5 23. Nf4 Nf7 24. Ne6 Re8 25. Ng4 Rxe1 26. Rxe1 Qe7 27. Qc3 Ne5 28. Nxe5 dxe5 29. Qxe5 c6 30. Re2 cxd5 31. cxd5 Ng7 32. Kf3 Nxe6 33. Qxe6+ Qxe6 34. Rxe6 Rd8 35. Ke4 Kf7 36. Ke5 h5 37. d6 Rd7 38. h4 b6 39. Rf6+ Kg7 40. Ke6 Rxd6+ 41. Kxd6 Kxf6 42. a4 Kf5 43. Ke7 Kg4 44. Kf6 Kxg3 45. Kg5 Kh3 46. b4 a6 47. Kxg6 Kxh4 48. Kf5 Kg3 49. Ke5 h4 0-1

[Event "Pan American-ch U12"]
[Site "Guayaquil"]
[Date "2019.07.21"]
[Round "1"]
[White "Shaw, Jaden"]
[Black "Jimenez Calles, Javier Ignacio"]
[Result "1-0"]
[WhiteElo "1727"]
[BlackElo "1227"]
[PlyCount "56"]
[EventDate "2019.07.21"]
[EventType "swiss"]
[EventRounds "9"]
[EventCountry "ECU"]
[SourceTitle "EXT 2020"]
[Source "ChessBase"]
[SourceDate "2019.10.17"]
[SourceVersion "1"]
[SourceVersionDate "2019.10.17"]
[SourceQuality "1"]

1. e4 c5 2. Nf3 Nc6 3. c3 d5 4. exd5 Qxd5 5. Qb3 Qxb3 6. axb3 g6 7. Bb5 Bd7 8. 0-0 Bg7 9. d3 Nf6 10. Be3 b6 11. Nbd2 0-0 12. Ba6 Rfe8 13. Bb7 Rab8 14. Bxc6 Bxc6 15. Ra2 e6 16. d4 cxd4 17. Bxd4 h6 18. Ne5 Ba8 19. Ndc4 b5 20. Nd6 Rf8 21. Nexf7 b4 22. Re1 bxc3 23. Be5 Rb4 24. Bxc3 Rg4 25. g3 Ne4 26. Bxg7 Kxg7 27. Ne5 Rc8 28. Nxg4 Rc7 1-0